Statistics for 10 Closest Capitals To Riyadh

Click here to take the quiz!

General Stats

  • This quiz has been taken 19 times
  • The average score is 8 of 10

Answer Stats

KmAnswer% Correct
775Abu Dhabi
95%
1304Tehran
95%
489Doha
89%
534Kuwait City
89%
986Baghdad
89%
1332Amman
89%
1213Muscat
84%
1059Sanaa
79%
425Manama
74%
1314Asmara
42%

Score Distribution

Percentile by Number Answered

Percent of People with Each Score

Your Score History

You have not taken this quiz